000 00401cam a2200157ua 4500
041 _aeng
_h
082 _a823.301
_bMAR/CH
100 _aMarryat, Captain F .
245 _aChildren of the new forest /
_cCaptain F Marryat.
_hTextual Documents
250 _a1 /
_b.
260 _aLondon :
_bOxford University Press ,
_c1961.
300 _a83 ; .
504 _a
942 _cBK
999 _c6966
_d6966